| 000 | 01721cad a22002295a 4500 | ||
|---|---|---|---|
| 001 | L145153 | ||
| 008 | 091108e20080909xxkd f s 000 0 eng d | ||
| 035 | _a(Sirsi) u145153 | ||
| 041 | 0 | _aeng | |
| 050 | 0 | 4 | _a333.33 $2 18 |
| 110 | 2 |
_aRoyal Institution of Chartered Surveyors _94900 |
|
| 245 | 0 | 0 |
_aRICS housing market survey United Kingdom _bAugust 2008 _h[electronic resource] |
| 260 |
_aLondon _bRICS _c2008 |
||
| 490 |
_aRICS Housing Market Survey United Kingdom _vAugust 2008 |
||
| 520 | _aSurvey reports a slight rise in the RICS house price balance for the fourth consecutive month. 81% more Chartered Surveyors reported a fall than a rise in house prices, a decrease from 83.1% in July. Difficulties obtaining credit continue to be reflected in the numbers of transactions collapsing. The average number of transactions per surveyor (over the last three months) fell to 12.7 from last month's figure of 14.4, setting a new low for activity since this survey began. Some chartered surveyor estate agents are now reporting average sales of less than one property per week. Improved expectations for sales reflected in the last survey failed to transpire in August, a month where property sales are typically low. Repossessions figures remain below those seen in the 1990s and the key theme mentioned in relation to the decline of housing market activity is a general lack of liquidity. | ||
| 590 | _aKA | ||
| 650 | 2 | 4 | _aRICS HOUSING MARKET SURVEY UNITED KINGDOM |
| 651 | 4 |
_aUnited Kingdom _y |
|
| 690 | _aPROPERTY-RESIDENTIAL PROPERTY-RESIDENTIAL PROPERTY MARKET | ||
| 856 | 4 | 0 |
_uhttps://www.rics.org/site/scripts/download_info.aspx?downloadID=24 _zView the item free of charge at www.rics.org... |
| 942 | _n0 | ||
| 999 |
_c108699 _d108699 |
||